| 000 | 00720nam a2200217 i 4500 | ||
|---|---|---|---|
| 001 | 113626 | ||
| 003 | ES-MaACL | ||
| 005 | 20240207124518.0 | ||
| 007 | t| | ||
| 008 | 061121m19191920fr r ||||1| fre d | ||
| 100 | 1 |
_aPacoret, Etienne. _988161 |
|
| 245 | 1 | 3 |
_aLa techique de la houille blanch _b: usines hydroélectriques , transport de l'energie electriques: electrometallurgie -electrochimie / _cpar Etienne Pacoret ; préface de M. A. Blondel. |
| 250 | _a3e èd. | ||
| 260 |
_aParis : _bTours, _c1919-1920. |
||
| 300 |
_a4 v. ; _c25 cm. |
||
| 650 | 4 |
_912168 _aElectroquímica |
|
| 700 | 1 |
_aBlondel, André ( _d1863-1938) _9158712 |
|
| 852 |
_aES-MaACL _jB-4388-91 |
||
| 942 | _2udc | ||
| 999 |
_c113626 _d113626 |
||